| 000 -LEADER |
| fixed length control field |
02216cam a22002415 4500 |
| 003 - CONTROL NUMBER IDENTIFIER |
| control field |
OSt |
| 005 - DATE AND TIME OF LATEST TRANSACTION |
| control field |
20240116143806.0 |
| 008 - FIXED-LENGTH DATA ELEMENTS--GENERAL INFORMATION |
| fixed length control field |
220929s2022 ii 0|| 0 eng d |
| 020 ## - INTERNATIONAL STANDARD BOOK NUMBER |
| International Standard Book Number |
9789394501010 |
| 082 04 - DEWEY DECIMAL CLASSIFICATION NUMBER |
| Classification number |
724.6 |
| Item number |
BHA |
| 100 1# - MAIN ENTRY--PERSONAL NAME |
| Personal name |
Bhatia, Gautam. |
| 245 10 - TITLE STATEMENT |
| Title |
Resurgent Modernism : |
| Remainder of title |
the architecture of Namita Singh. |
| 260 ## - PUBLICATION, DISTRIBUTION, ETC. (IMPRINT) |
| Place of publication, distribution, etc |
Ahmedabad : |
| Name of publisher, distributor, etc |
Mapin Publishing, |
| Date of publication, distribution, etc |
2022. |
| 300 ## - PHYSICAL DESCRIPTION |
| Extent |
228 pages |
| 520 8# - SUMMARY, ETC. |
| Summary, etc |
There have been significant sustained professional practices in the city since the seventy years following its inception that have taken architecture into a modern Indian direction.0A book on the works of Namita Singh is long overdue. Her Chandigarh-based practice, has delivered a range of buildings?including educational institutes, offices, commercial projects, housing, heritage and restoration works, private homes and interiors?all across India. While much of her work is in tune with a contemporary modernism, she has always drawn on local values and technologies for its generic expressions. Having set up a practice barely a decade after independence, Namita belongs to the generation of architects who participated in the country?s rapid development, providing a range of infrastructure projects for a society in the making, its institutions and cities.0How does one assess the overall work of a five decade-long practice that has succeeded in creating monumental public works but also those of a fine-tuned residential scale, each structure dedicated to a precise ideal, conscious of environment and technology, scope and purpose? Foremost is the inclusion of work that illustrates principles the architect uses to build. Second, projects that clearly demonstrate a conceptual unity to an idea or design as well as those that are part of the stylistic consistency of the firm. The accompanying pictures tell a parallel story and lend value to the breadth of the varied projects presented and of a practice informed by inquiry. |
| 600 10 - SUBJECT ADDED ENTRY--PERSONAL NAME |
| Personal name |
Singh, Namita |
| Titles and other words associated with a name |
(Architect) |
| 650 #0 - SUBJECT ADDED ENTRY--TOPICAL TERM |
| Topical term or geographic name as entry element |
Architecture |
| Geographic subdivision |
India |
| -- |
Chandigarh. |
| 650 #0 - SUBJECT ADDED ENTRY--TOPICAL TERM |
| Topical term or geographic name as entry element |
Building |
| Geographic subdivision |
India |
| -- |
Chandigarh. |
| 650 #7 - SUBJECT ADDED ENTRY--TOPICAL TERM |
| Topical term or geographic name as entry element |
Architecture. |
| Source of heading or term |
fast |
| 650 #7 - SUBJECT ADDED ENTRY--TOPICAL TERM |
| Topical term or geographic name as entry element |
Building. |
| Source of heading or term |
fast |
| 651 #7 - SUBJECT ADDED ENTRY--GEOGRAPHIC NAME |
| Geographic name |
India |
| Geographic subdivision |
Chandīgarh. |
| Source of heading or term |
fast |
| 942 ## - ADDED ENTRY ELEMENTS (KOHA) |
| Source of classification or shelving scheme |
|